000 00802cam a22002777a 4500
003 CHAP
005 20220329140620.0
008 971013s1966 r 00010 d
010 _a54790
011 _a55762
035 _a59914
040 _cCHAP
082 _a500.18
_bT8
100 0 0 _aTullock, Gordon.
_9115528
245 1 4 _aThe organization of inquiry
260 _aDurham :
_bDuke University,
_c1966
300 _a232 p.
590 _aBATCH-UPD
_b10
_c20130110
_lUCH01
_h0702
590 _aBATCH-UPD
_b10
_c20130410
_lUCH01
_h0347
590 _aBATCH-UPD
_b10
_c20130914
_lUCH01
_h0936
590 _aCONVERSION
_b10
_c20130109
_lUCH01
_h1330
650 1 4 _aCiencia
_xMetodología.
_923129
901 _aBK
942 _cLIBRO
949 _a500.18 T8
_bBC
_cLIBRO
_d33724000442539
_eLIBRO
_h29904
_i59914
_si
999 _c54790
_d54790